| 000 | 00679nam a22002417a 4500 | ||
|---|---|---|---|
| 003 | OSt | ||
| 005 | 20140310182757.0 | ||
| 008 | 130208t xxu||||| |||| 00| 0 eng d | ||
| 020 | _a9789814246606 | ||
| 050 |
_aHF 5415.1265 _b.H198 2008 |
||
| 100 | _aHanson, Ward A. | ||
| 245 |
_aInternet marketing & e-commerce / _cWard A. Hanson, Kirthi Kalyanam. |
||
| 260 |
_aAustralia ; Mason, OH : _bThomson/South-Western, _c2007. |
||
| 300 |
_a642 p. : _bcol. ill. ; _c25 cm. |
||
| 521 | _aBSBA | ||
| 526 | _cC9861 | ||
| 562 | _e1 | ||
| 650 | _aMarketing. | ||
| 650 | _aInternet Marketing | ||
| 650 | _aElectronic more. | ||
| 700 | _aKalyanam, Kirthi | ||
| 942 |
_2lcc _cBK _kFOR |
||
| 999 |
_c15889 _d15889 |
||